| 000 | 01032nam a2200301Ia 4500 | ||
|---|---|---|---|
| 003 | OSt | ||
| 005 | 20220912150722.0 | ||
| 006 | a|||||r|||| 00| 0 | ||
| 007 | ta | ||
| 008 | 220909b |||||||| |||| 00| 0 eng d | ||
| 020 | _a0387985956 (Berlin:hbd) | ||
| 024 | _a5917 | ||
| 037 | _bSelectbook, | ||
| 037 | _cTextual | ||
| 040 |
_aCSL _beng _cCSL |
||
| 041 | _aeng | ||
| 082 | _aB2817, N9 | ||
| 100 | _aLehmann E L | ||
| 245 | 0 | _aElements of large-sample theory by E L Lehmann | |
| 260 |
_aBerlin _bSpringer-Verlag _c1999 |
||
| 300 | _axii,631p+10 fig | ||
| 490 | _aSpringer texts in statistics | ||
| 500 | _aAppendix 571-590p; Bibliographical references 591-608p; Indexes 609-631p; ^n23/CSL/B28/IX-Plan/98-99/7007^d1999-02-03^mPurchase; ; 98-99/642^b1999-03-09^c41462/3/99^d1999-03-08^eSelectbook Service Syndicate; ; 1999-03-19^c1999-03-26^r1999-05-24 | ||
| 650 | _a Sampling | ||
| 650 | _aStatistics | ||
| 942 |
_hB2817, N9 _cTEXL _2CC |
||
| 999 |
_c53168 _d53168 |
||